Statistics for Oklahoma State Cowboys football coaches

Click here to take the quiz!

General Stats

  • This quiz has been taken 11 times
  • The average score is 7 of 22

Answer Stats

SeasonsCoach% Correct
1979–1983Jimmy Johnson
100%
2001–2004Les Miles
100%
2005–presentMike Gundy
100%
1995–2000Bob Simmons
43%
1972Dave Smith
29%
1973–1978Jim Stanley
29%
1929–1933Pappy Waldorf
29%
1984–1994Pat Jones
29%
1934–1935Albert Exendine
14%
1906Boyd Hill
14%
1955–1962Cliff Speegle
14%
1917–1918Earl Pritchard
14%
1907–1908Ed Parry
14%
1969–1971Floyd Gass
14%
1950–1954J.B. Witworth
14%
1939–1949Jim Lookabaugh
14%
1919–1920Jim Pixlee
14%
1915–1916John A. Griffith
14%
1921–1928John Maulbetsch
14%
1909–1914Paul J. Davis
14%
1963–1968Phil Cutchin
14%
1936–1938Ted Cox
14%

Score Distribution

Percentile by Number Answered

Percent of People with Each Score

Your Score History

You have not taken this quiz